000 01091nam a22003137a 4500
003 BCEG
005 20260323122953.0
008 260323s2018 mx|||||| |||| 00| 0 spa d
020 _a9786075391717
040 _aBCEG
_bspa
_cBCEG
082 0 4 _a393.3
_bM732i
245 0 0 _aMomias
_b: ilusiones de vida eterna.
260 _aCiudad de México :
_bInstituto Nacional de Antropología e Historia,
_c2018.
300 _a80 p.
_b: il., fots.
490 _aMuseos y Galerías.
504 _aIncluye bibliografía.
541 _aCompra.
610 2 4 _aMuseo de El Carmen (Ciudad de México, México).
650 1 4 _aMomias
_vExhibiciones.
650 1 4 _aEmbalsamiento
_vExhibiciones.
700 1 _aJiménez López, José Concepción,
_d1949-2020,
_ecoaut.
700 1 _aLedesma Bouchan, Patricia,
_ecoaut.
700 1 _aMaquívar Maquívar, María del Consuelo,
_ecoaut.
700 1 _aCastañeda García, Gliserio,
_efot.
700 1 _aMéndez Domínguez, Carlos,
_eed.
700 1 _aPrieto Hernández, Diego,
_d1956-,
_epres.
700 1 _aMarín Gutiérrez, Alfredo,
_epres.
942 _cBK
999 _c437124
_d437124